Statics study pack : chapter reviews, free body diagram workbook, problems website [to accompany] Engineering mechanics : Statics,, 11th ed. in SI units [by] R.C. Hibbeler, SI conversion by S. C. Fan

Αποθηκεύτηκε σε:
Λεπτομέρειες βιβλιογραφικής εγγραφής
Κύριος συγγραφέας: Schiavone, Peter, 1961-
Άλλοι συγγραφείς: Hibbeler, R. C., Fan, S. C.
Μορφή: Βιβλίο
Γλώσσα:English
Δημοσίευση: Singapore : 2007
Έκδοση:11th ed.
Θέματα:
Ετικέτες: Προσθήκη ετικέτας
Δεν υπάρχουν, Καταχωρήστε ετικέτα πρώτοι!

MARC

LEADER 00000nam a2200000 i 4500
001 1/75426
008 080221s2007 eng d
020 |a 978-0-13-203814-0 
020 |a 0-13-203814-5 
035 |l 10094913 
040 |a GR-MY-UA  |b gre  |e aacr 
041 0 |a eng 
082 0 |a 620.1053  |2 (22) 
100 1 |a Schiavone, Peter,   |d 1961- 
245 1 0 |a Statics study pack :  |b chapter reviews, free body diagram workbook, problems website [to accompany] Engineering mechanics : Statics,, 11th ed. in SI units [by] R.C. Hibbeler, SI conversion by S. C. Fan /  |c Peter Schiavone, R.C. Hibbeler, S. C. Fan 
250 |a 11th ed. 
260 |a Singapore :   |c 2007 
300 |a xvi, 144 σ.;  |b σχέδια;  |c 24 εκ. 
650 0 0 |a Statics. 
700 1 |a Hibbeler, R. C. 
700 1 |a Fan, S. C. 
852 |a INST  |b CHIOS  |e 20080221  |h 620.1053 SCH  |p 005200027746  |q 005200027746  |t BK  |y 0 
901 |a BIBL2-2008-1 
909 |a Χ  |b 145736 
922 |a 2ΕΛΗ  |b 200801  |c ΕΠΕΑΕΚ2/ΤΜΟΔ  |d ΕΛΕΥΘΕΡΟΥΔΑΚΗΣ 
970 |a ΑΤΣΑΛΗ  |b ΔΕΣΠΟΙΝΑ  |z 2008/02/21